| 000 | 00751 a2200193 4500 | ||
|---|---|---|---|
| 020 | _a0470867361 | ||
| 040 |
_aDLC _bDLC |
||
| 082 | 0 | 0 | _a621.3821 |
| 100 | 1 | _aHac Anna. | |
| 245 | 1 | 0 |
_aWireless sensor network designs _cAnna Hac. |
| 260 |
_aChichester, West Sussex, England ; _aHoboken, NJ : _bJ. Wiley, _cc2003. |
||
| 300 |
_axiv, 391 p. : _bill. ; _c25 cm. |
||
| 650 | 0 | _aSensor networks. | |
| 650 | 0 | _aWireless LANs. | |
| 856 | 4 | 2 |
_3Contributor biographical information _uhttp://www.loc.gov/catdir/bios/wiley047/2003057612.html |
| 856 | 4 | 2 |
_3Publisher description _uhttp://www.loc.gov/catdir/description/wiley0310/2003057612.html |
| 856 | 4 | 2 |
_3Table of contents _uhttp://www.loc.gov/catdir/toc/wiley032/2003057612.html |
| 942 |
_cBK _k621.3821 HAC _2ddc |
||
| 999 |
_c9436 _d9436 |
||